000 01067nam a2200301 i 4500
003 EG-GICUC
005 20260208170316.0
008 260208s1958 fr ||fr|||| 000 0 fre d
040 _aEG-GiCUC
_bfre
_cEG-GiCUC
_dEG-GiCUC
_eRda
041 0 _afre
082 0 4 _221
_a341.8
_bTR
092 0 4 _221
099 _aLaw1 12 341.8 TR 1958
245 1 4 _aTravaux Du Comité Français De Droit International Privé :
_bSeizième À Dix-huitième Années (1955-1957).
264 3 _aParis :
_bLibrairie Dalloz,
_c1958.
300 _a176 page,
_c24 cm.
_billustration ;
336 _2rda contenu
_a texte
337 _2rda medias
_aOrdinateur
338 _2 transporteur rda
_a Ressource en ligne
500 _aOuvrage Publié Avec Le Concours Du Centre National De La Recherche Scientifique
504 _aComprend des références bibliographiques.
546 _aTexte en français
650 1 4 _aDroit international privé
_2
651 1 _2
856 4 0 _uhttps://fll.law.cu.edu.eg/fulltext/bks/B12-01730.pdf
905 _a48
942 _2ddc
_cBK
_e21
_n0
999 _c61691
_d61691